000 00585cam a2200205 4500
001 J112275
008 000000n1995 000 0 eng u
035 _a(Sirsi) u112275
110 _aInstitute of Building Control
_93341
245 _aAnnual report and accounts 1994
260 _aEpsom
_bIBC
_c1995
300 _a16p. ; 30cm.
520 _aStored in basement
650 _aIBC
650 _aINSTITUTE OF BUILDING CONTROL
650 _aANNUAL REPORTS
650 _aPROFESSIONAL ASSOCIATIONS
690 _aMANAGEMENT-BUSINESS MANAGEMENT-PROFESSIONAL PRACTICE
942 _n0
999 _c101384
_d101384